000 00830nam a2200265Ia 4500
003 OSt
005 20220923211418.0
006 a|||||r|||| 00| 0
007 ta
008 220922b |||||||| |||| 00| 0 hin d
020 _a9788192275093 (hbk)
_c300
024 _a273,956
037 _b137, 04/09/2013, Eastern Book Linkers
_cTextual
040 _aARTS
_cARTS
_bhin
041 _2hin
_ahin
082 _aQ1x, 152Q2
100 _aवेदप्रकाश
245 0 _aवेद - वाणी
246 _aVed - vāṇī
260 _aमेरठ
_b वैदिक धर्म संस्थान
_c2012
300 _a464पृ.
_ccm.
650 _aधर्म
942 _hQ1x, 152Q2
_cTEXL
_2CC
999 _c299223
_d299223